Mechanics of solids : an introduction / (Record no. 70491)

000 -LEADER
fixed length control field 01226cam a2200313 a 4500
001 - CONTROL NUMBER
control field 4886393
003 - CONTROL NUMBER IDENTIFIER
control field NUST - PNEC
005 - DATE AND TIME OF LATEST TRANSACTION
control field 20170116181141.0
008 - FIXED-LENGTH DATA ELEMENTS--GENERAL INFORMATION
fixed length control field 930521s1994 nyua 001 0 eng
010 ## - LIBRARY OF CONGRESS CONTROL NUMBER
LC control number 93002372
020 ## - INTERNATIONAL STANDARD BOOK NUMBER
International Standard Book Number 007833358X (alk. paper) :
020 ## - INTERNATIONAL STANDARD BOOK NUMBER
International Standard Book Number 0071134484
040 ## - CATALOGING SOURCE
Original cataloging agency DLC
Transcribing agency LIBRARY
Modifying agency DLC
050 00 - LIBRARY OF CONGRESS CALL NUMBER
Classification number TA350
Item number .L32 1994
082 00 - DEWEY DECIMAL CLASSIFICATION NUMBER
Classification number 620.105 LAR
100 1# - MAIN ENTRY--PERSONAL NAME
Personal name Lardner, Thomas J.
245 10 - TITLE STATEMENT
Title Mechanics of solids : an introduction /
Statement of responsibility, etc. T.J. Lardner, R.R. Archer.
260 ## - PUBLICATION, DISTRIBUTION, ETC.
Place of publication, distribution, etc. New York :
Name of publisher, distributor, etc. McGraw-Hill,
Date of publication, distribution, etc. c1994.
300 ## - PHYSICAL DESCRIPTION
Extent xvii, 802 p. :
Other physical details ill. ;
Dimensions 25 cm.
500 ## - GENERAL NOTE
General note Includes index.
650 #0 - SUBJECT ADDED ENTRY--TOPICAL TERM
Topical term or geographic name entry element Mechanics, Applied.
General subdivision ME
650 #0 - SUBJECT ADDED ENTRY--TOPICAL TERM
Topical term or geographic name entry element Solids.
700 1# - ADDED ENTRY--PERSONAL NAME
Personal name Archer, Robert R.
856 42 - ELECTRONIC LOCATION AND ACCESS
Materials specified Publisher description
Uniform Resource Identifier <a href="http://www.loc.gov/catdir/description/mh022/93002372.html">http://www.loc.gov/catdir/description/mh022/93002372.html</a>
856 41 - ELECTRONIC LOCATION AND ACCESS
Materials specified Table of contents
Uniform Resource Identifier <a href="http://www.loc.gov/catdir/toc/mh021/93002372.html">http://www.loc.gov/catdir/toc/mh021/93002372.html</a>
906 ## - LOCAL DATA ELEMENT F, LDF (RLIN)
a 7
b cbu
c orignew
d 1
e ocip
f 19
g y-gencatlg
942 ## - ADDED ENTRY ELEMENTS (KOHA)
Source of classification or shelving scheme
Koha item type Book
Holdings
Withdrawn status Lost status Source of classification or shelving scheme Damaged status Not for loan Permanent Location Current Location Shelving location Date acquired Total Checkouts Full call number Barcode Date last seen Date last checked out Price effective from Koha item type
          Pakistan Navy Engineering College (PNEC) Pakistan Navy Engineering College (PNEC)     3 620.105 LAR PNECLIB-017726 05/31/2016 03/25/2016   Book
© 2023 Central Library, National University of Sciences and Technology. All Rights Reserved.